Young man (Record no. 7826)

MARC details
000 -LEADER
fixed length control field 00514nam a22001817a 4500
003 - CONTROL NUMBER IDENTIFIER
control field OSt
005 - DATE AND TIME OF LATEST TRANSACTION
control field 20220317103657.0
008 - FIXED-LENGTH DATA ELEMENTS--GENERAL INFORMATION
fixed length control field 220317b ||||| |||| 00| 0 eng d
020 ## - INTERNATIONAL STANDARD BOOK NUMBER
International Standard Book Number 9781904685586
040 ## - CATALOGING SOURCE
Transcribing agency DDC
082 ## - DEWEY DECIMAL CLASSIFICATION NUMBER
Classification number 305.3 JON 2006
100 ## - MAIN ENTRY--PERSONAL NAME
Personal name Jonathan : Anna Gallagher
9 (RLIN) 15927
245 ## - TITLE STATEMENT
Title Young man
Remainder of title : a young man's guide to teenage sexuality
260 ## - PUBLICATION, DISTRIBUTION, ETC. (IMPRINT)
Place of publication, distribution, etc. Newyork
Name of publisher, distributor, etc. : Hodder and Stoughton
Date of publication, distribution, etc. , C2006
300 ## - PHYSICAL DESCRIPTION
Extent iii,178p.
Other physical details ; ill
Dimensions ; 25 cm
650 ## - SUBJECT ADDED ENTRY--TOPICAL TERM
Topical term or geographic name as entry element Sex education
9 (RLIN) 15928
942 ## - ADDED ENTRY ELEMENTS (KOHA)
Source of classification or shelving scheme Dewey Decimal Classification
Koha item type Book
Holdings
Withdrawn status Lost status Source of classification or shelving scheme Damaged status Not for loan Home library Current library Date acquired Source of acquisition Inventory number Total Checkouts Full call number Barcode Date last seen Price effective from Koha item type
    Dewey Decimal Classification     Faculty of Interdisciplinary Studies Library Faculty of Interdisciplinary Studies Library 17/03/2022 Purchase 16/4887   305.3 JON 2006 2022-0485 17/03/2022 17/03/2022 Book
    Dewey Decimal Classification     Faculty of Interdisciplinary Studies Library Faculty of Interdisciplinary Studies Library 17/03/2022 Purchase 16/4888   305.3 JON 2006 2022-0486 17/03/2022 17/03/2022 Book